000 00988nam a22003257a 4500
001 BR0603729
003 BR-BrBNA
005 20230928102244.0
007 ta
008 230509b bl.||||| |||| 00| 0 por d
040 _aBR-BrBNA
_bpor
_cBiblioteca Nacional de Agricultura
041 _a(Por)
072 _aE16; E70
_b8968
090 _ 8968 BR0603729
110 1 _aServiço de Apoio às Micro e Pequenas Empresas do Acre, Rio Branco (Brasil)
_99420
245 1 _aOpções de investimento no Acre com produtos florestais não-madeireiros; couro vegetal
_bProdutos Potenciais da Amazônia
260 3 _aRio Branco, AC (Brasil):
_c1995.
300 _a23 p.
500 _a9 ref.
650 _aCOURO
650 _aCOMERCIALIZAÇÃO
650 _aESTATÍSTICA DE PRODUÇÃO
650 _aINDÚSTRIA AGRÍCOLA
650 _aCRÉDITO
650 _aINCENTIVO FISCAL
650 _aPRODUÇÃO VEGETAL
650 _aACRE
909 _a202309
_bLucia
_c55
_dLucia Elande
942 _cBK
999 _c69871
_d69871